Model railroader

Detalles Bibliográficos
Formato: Electrónico Revista
Lenguaje:inglés
Publicado: Milwaukee, Wis. : A.C. Kalmbach and Co., [©1933]-
Materias:
Acceso en línea:Full text available from Research Library: 11/01/1995 to 07/31/2006

MARC

LEADER 00000nas a2200000 a 4500
001 ssj0012122
003 WaSeSS
005 20200512172242.0
006 m d
007 cr n
008 751012c19349999wiumr p s 0 a0eng
010 |a  36015812   |z sn 78006326  
016 |a (AMICUS)000001518841 
016 7 |a 010094687  |2 DE-101 
016 7 |a 960073-5  |2 DE-600 
022 |l 0026-7341  |y 0026-7341 
032 |a 529810  |b USPS 
035 |a (WaSeSS)ssj0012122 
037 |b Kalmbach Pub. Co., 21027 Crossroads Circle, POB 1612, Waukesha, WI 53187 
040 |a DLC  |b eng  |c MUL  |d HUL  |d NSD  |d DLC  |d NSD  |d AIP  |d NSD  |d AIP  |d NST  |d DLC  |d NSD  |d OCL  |d NSD  |d DLC  |d OCLCQ  |d DLC  |d UQ1  |d OCLCQ  |d HEBIS  |d GBVCP  |d CUS  |d OCLCF  |d XHS  |d GRR  |d OCLCO  |d LIP  |d XFH  |d NLC  |d OCLCQ  |d OCLCO  |d U3G  |d NTG  |d JX9  |d OCLCO  |d ZQP  |d OCLCO  |d WaSeSS 
042 |a nsdp  |a pcc 
050 0 0 |a TF197  |b .M6 
082 1 0 |a 625  |2 11 
210 0 |a Model railr. 
222 0 |a Model railroader 
245 0 0 |a Model railroader  |h [electronic resource]. 
260 |a Milwaukee, Wis. :  |b A.C. Kalmbach and Co.,  |c [©1933]- 
310 |a Monthly 
362 0 |a Vol. 1, no. 1 (Jan. 1934)- 
500 |a Title from caption. 
500 |a Publisher: Kalmbach Pub. Co., <July 1989->. 
506 |a License restrictions may limit access. 
555 |a All-time index of prototype plans, 1934-1992. 1 v. 
588 |a Latest issue consulted: Vol. 56, no. 7 (July 1989). 
650 0 |a Railroads  |x Models  |v Periodicals. 
650 7 |a Railroads  |x Models.  |2 fast  |0 (OCoLC)fst01089066 
650 7 |a Chemin de fer.  |2 rasuqam 
650 7 |a Modèle réduit.  |2 rasuqam 
655 0 |a Electronic journals. 
850 |a DLC 
856 4 0 |z Full text available from Research Library: 11/01/1995 to 07/31/2006  |u https://search.proquest.com/publication/30390